| 000 | 00898nas a2200313 4500 | ||
|---|---|---|---|
| 001 | BR0200406 | ||
| 003 | BR-BrBNA | ||
| 005 | 20231205102649.0 | ||
| 007 | ta | ||
| 008 | 230509b bl.|||p| |||| 00| 00por d | ||
| 040 |
_aBR-BrBNA _bpor _cBiblioteca Nacional de Agricultura |
||
| 041 | _a(Es) | ||
| 072 | _aP33 | ||
| 100 | 1 | _aBenintende, S. | |
| 100 | 1 | _aBenintende, M. | |
| 100 | 1 | _aSterren, M. | |
| 100 | 1 | _aCagnani, M. | |
| 100 | 1 | _aSanchez, C. | |
| 245 | 1 | _aEfecto de dos sistemas de manejo sobre algunas propiedades biológicas del suelo | |
| 650 | _aSOLO | ||
| 650 | _aBIOMASSA | ||
| 650 | _aRESPIRAÇÃO DO SOLO | ||
| 650 | _aNITROGÊNIO | ||
| 650 | _aAMOSTRAGEM | ||
| 650 | _aMATÉRIA ORGÂNICA | ||
| 773 | 0 |
_tRevista Ceres (Brazil) _xISSN 0034-737X _g(Sep-Oct 2000), v. 47(273) p. 533-542 _wBR0200406 |
|
| 909 |
_a202311 _bLúcia _c55 _dLúcia Elande |
||
| 942 |
_2AGRIS _n0 _cANA |
||
| 999 |
_c168694 _d168694 |
||